C. A. leaders handbook. (Record no. 14203)

000 -LEADER
fixed length control field 00614nam a2200181 a 4500
001 - CONTROL NUMBER
control field :::00012030$&:&@@
003 - CONTROL NUMBER IDENTIFIER
control field OkBaRHE
005 - DATE AND TIME OF LATEST TRANSACTION
control field 20100402121120.0
008 - FIXED-LENGTH DATA ELEMENTS--GENERAL INFORMATION
fixed length control field s1967 j 000 0 eng u
040 ## - CATALOGING SOURCE
Transcribing agency
100 1# - MAIN ENTRY--PERSONAL NAME
Personal name Christ's Ambassadors Department, Assemblies of God.
245 10 - TITLE STATEMENT
Title C. A. leaders handbook.
260 ## - PUBLICATION, DISTRIBUTION, ETC. (IMPRINT)
Place of publication, distribution, etc Springfield, MO., :
Name of publisher, distributor, etc Gospel Publishing House
Date of publication, distribution, etc 1967
300 ## - PHYSICAL DESCRIPTION
Extent 128 p. : illus. ;
Dimensions 22 cm.
650 ## - SUBJECT ADDED ENTRY--TOPICAL TERM
Topical term or geographic name as entry element Assemblies of God
General subdivision Periodicals
942 ## - ADDED ENTRY ELEMENTS (KOHA)
Source of classification or shelving scheme
Koha item type Books
Copies
Source of classification or shelving scheme Barcode Shelving location Copy number Not for loan Withdrawn status Date last seen Date acquired Price effective from Koha item type Lost status Damaged status Permanent Location Full call number
 12030General Stacks1  2010-04-142010-04-142010-04-14Books  RHEMA Bible Training CollegeBX 8769 .A1 C5 1967